Представление документа в формате MARC21

ПолеНазваниеЗначение
  Тип записи a
  Библиографический уровень m
001 Контрольный номер RU\infra-m\znanium\bibl\2231209
005 Дата корректировки 20260429142224.2
008 Кодируемые данные 251112s2025 RU g rus u
020 Индекс ISBN __
a ISBN 978-5-16-015333-9
020 Индекс ISBN __
a ISBN 978-5-16-107784-9 (электр. издание)
040 Источник каталогиз. __
a Служба первич. каталог. Общество с ограниченной ответственностью «ЗНАНИУМ»
041 Код языка издания __
a Код языка текста rus
044 Код страны публикации __
a Код страны публикации RU
080 Индекс УДК __
a Индекс УДК 656.61.052(075.8)
084 Индекс другой классификации/Индекс ББК __
2 Источник индекса rubbk
a Индекс другой классификации/Индекс ББК 39.47я73
084 Индекс другой классификации/Индекс ББК __
2 Источник индекса okso
a Индекс другой классификации/Индекс ББК 26.05.03
084 Индекс другой классификации/Индекс ББК __
2 Источник индекса okso
a Индекс другой классификации/Индекс ББК 26.05.04
084 Индекс другой классификации/Индекс ББК __
2 Источник индекса okso
a Индекс другой классификации/Индекс ББК 26.05.05
084 Индекс другой классификации/Индекс ББК __
2 Источник индекса okso
a Индекс другой классификации/Индекс ББК 26.05.06
084 Индекс другой классификации/Индекс ББК __
2 Источник индекса okso
a Индекс другой классификации/Индекс ББК 26.05.07
100 Автор __
a Автор Носенко В.И.
q Полное имя Носенко Виктор Иванович
u Дополнение ЧЕРНОМОРСКОЕ ВЫСШЕЕ ВОЕННО-МОРСКОЕ ОРДЕНОВ НАХИМОВА и КРАСНОЙ ЗВЕЗДЫ УЧИЛИЩЕ ИМЕНИ П.С.НАХИМОВА Министерство обороны Российской Федерации
245 Заглавие __
a Заглавие Маневрирование и управление судном
b Продолж. заглавия Часть 1; Учебно-методическая литература
c Ответственность ЧЕРНОМОРСКОЕ ВЫСШЕЕ ВОЕННО-МОРСКОЕ ОРДЕНОВ НАХИМОВА и КРАСНОЙ ЗВЕЗДЫ УЧИЛИЩЕ ИМЕНИ П.С.НАХИМОВА Министерство обороны Российской Федерации
250 Сведения об издании __
a Основные сведения об издании 1
260 Выходные данные __
a Место издания Москва
b Издательство ООО "Научно-издательский центр ИНФРА-М"
c Дата издания 2026
300 Физическое описание __
a Объем 240 с.
440 Серия __
a Серия Военное образование (ЧВВМУ им. Нахимова)
520 Аннотация __
a Аннотация Учебно-методическое пособие издано в помощь освоения теоретических и практических знаний при изучении дисциплин «Маневрирование и управление судном» и «Введение в специальность». Предназначено для студентов и курсантов Черноморского высшего военно-морского ордена Красной Звезды училища имени П.С. Нахимова очной и заочной форм обучения по направлению подготовки 26.05.05 «Судовождение» укрупненной группы 26.00.00 «Техника и технологии кораблестроения и водного транспорта».
521 Примеч. о цел. назн. __
a Примеч. о целев. назн. ВО - Специалитет
650 Тематические рубрики __
a Основная рубрика Транспорт
x Основная подрубрика Судовождение. Сигнализация и связь на водном транспорте
655 Указ. предметных рубрик (устаревшее) __
a Жанр/ форма (устаревшее) Учебно-методическая литература
700 Другие авторы __
a Другие авторы Сухина М.И.
q Полное имя Сухина Михаил Иванович
u Дополнение ЧЕРНОМОРСКОЕ ВЫСШЕЕ ВОЕННО-МОРСКОЕ ОРДЕНОВ НАХИМОВА и КРАСНОЙ ЗВЕЗДЫ УЧИЛИЩЕ ИМЕНИ П.С.НАХИМОВА Министерство обороны Российской Федерации
700 Другие авторы __
a Другие авторы Наумов М.В.
q Полное имя Наумов Михаил Викторович
u Дополнение ЧЕРНОМОРСКОЕ ВЫСШЕЕ ВОЕННО-МОРСКОЕ ОРДЕНОВ НАХИМОВА и КРАСНОЙ ЗВЕЗДЫ УЧИЛИЩЕ ИМЕНИ П.С.НАХИМОВА Министерство обороны Российской Федерации
700 Другие авторы __
a Другие авторы Володин В.Н.
q Полное имя Володин Виталий Николаевич
u Дополнение ЧЕРНОМОРСКОЕ ВЫСШЕЕ ВОЕННО-МОРСКОЕ ОРДЕНОВ НАХИМОВА и КРАСНОЙ ЗВЕЗДЫ УЧИЛИЩЕ ИМЕНИ П.С.НАХИМОВА Министерство обороны Российской Федерации
856 Электронный адрес документа 4_
a Имя сервера/домена znanium.ru
m Помощь ebs_support@infra-m.ru
n Местонахождение сервера НИЦ ИНФРА-М
u URL https://znanium.ru/catalog/document?id=472172
856 Электронный адрес документа 48
a Имя сервера/домена znanium.ru
d Путь /cover/2231
f Электронное имя 2231209.jpg
q Тип электронного формата image/jpeg
u URL https://znanium.ru/cover/2231/2231209.jpg
911 __
u 0030=https://znanium.ru/catalog/document?id=472172